Central Library OPAC University of Rajshahi

Voltaire / (Record no. 20018)

MARC details
000 -LEADER
fixed length control field 00809nam a2200265 a 4500
001 - CONTROL NUMBER
control field 20018
003 - CONTROL NUMBER IDENTIFIER
rucl marc code BD-RjUL
005 - DATE AND TIME OF LATEST TRANSACTION
control field 20211209000518.0
008 - FIXED-LENGTH DATA ELEMENTS--GENERAL INFORMATION
fixed length control field 140226s1969 enkabch b 001 0 eng d
020 ## - INTERNATIONAL STANDARD BOOK NUMBER
International Standard Book Number 0582112168
035 ## - SYSTEM CONTROL NUMBER
System control number (BD-RjUL)20079
040 ## - CATALOGING SOURCE
Original cataloging agency DLC
Transcribing agency DLC
Modifying agency BD-RjUL
Language of cataloging eng
041 ## - LANGUAGE CODE
Language code of text/sound track or separate title eng
082 00 - DEWEY DECIMAL CLASSIFICATION NUMBER
Classification number 848.509
Author mark and year BEV 1969
100 1# - MAIN ENTRY--PERSONAL NAME
Personal name Besterman, Theodore,
Dates associated with a name 1904-1976.
9 (RLIN) 61558
245 10 - TITLE STATEMENT
Title Voltaire /
Statement of responsibility, etc. Theodore Besterman.
260 ## - PUBLICATION, DISTRIBUTION, ETC. (IMPRINT)
Place of publication, distribution, etc. London :
Name of publisher, distributor, etc. Longmans,
Date of publication, distribution, etc. c1969.
300 ## - PHYSICAL DESCRIPTION
Pagination 637 p. :
Illustrations ill., facsims., map, ports. (1 col.) ;
Size 23 cm.
504 ## - BIBLIOGRAPHY, ETC. NOTE
Bibliography, etc "Bibliographical note" (p. 602-603) and index.
600 10 - SUBJECT ADDED ENTRY--PERSONAL NAME
Personal name Voltaire,
Dates associated with a name 1694-1778.
650 #0 - SUBJECT ADDED ENTRY--TOPICAL TERM
Topical term or geographic name as entry element Authors, French
Chronological subdivision 18th century
Form subdivision Biography.
9 (RLIN) 61559
942 ## - ADDED ENTRY ELEMENTS (KOHA)
Source of classification or shelving scheme Dewey Decimal Classification
Koha item type Books
Holdings
Lost status Source of classification or shelving scheme Damaged status Not for loan Collection code Permanent Location Current Location Shelving location Date acquired Source of acquisition Cost, normal purchase price Total Checkouts Full call number Date last seen Copy number Koha item type
  Dewey Decimal Classification   Not For Loan Non-fiction Central Library, University of Rajshahi Central Library, University of Rajshahi Reading Room 03/02/1970 Green Book House 59.50   848.509 BEV 1969 26/02/2014 C-1 Books
  Dewey Decimal Classification     Non-fiction Central Library, University of Rajshahi Central Library, University of Rajshahi   26/07/1972 Book centre 93.50   848.509 BEV 1969 11/03/2014 C-3 Books
  Dewey Decimal Classification     Non-fiction Central Library, University of Rajshahi Central Library, University of Rajshahi General Stacks 09/09/1970 Zeitlinger 85.00   848.509 BEV 1969 29/07/2025 C-2 Books